000 00507cam a2200169 4500500
005 20260329004236.0
041 _afre
042 _adc
100 1 0 _aPortevin, Catherine
_eauthor
245 0 0 _aSérotonine
260 _c2019.
500 _a38
690 _aHouellebecq
690 _aMichel Houellebecq
786 0 _nPhilosophie magazine | 126 | 2 | 2019-02-01 | p. 41-41 | 1951-1787
856 4 1 _uhttps://shs.cairn.info/magazine-philosophie-magazine-2019-2-page-41?lang=fr&redirect-ssocas=7080
999 _c1832049
_d1832049